<?xml version="1.0" encoding="UTF-8"?>
<record
    xmlns:xsi="http://www.w3.org/2001/XMLSchema-instance"
    xsi:schemaLocation="http://www.loc.gov/MARC21/slim http://www.loc.gov/standards/marcxml/schema/MARC21slim.xsd"
    xmlns="http://www.loc.gov/MARC21/slim">

  <leader>02016njm a2200301Ia 4500</leader>
  <controlfield tag="001">G8915</controlfield>
  <controlfield tag="003">IT-RoPAU</controlfield>
  <controlfield tag="005">20220918181155.0</controlfield>
  <controlfield tag="008">131025s9999    xx            000 0 und d</controlfield>
  <datafield tag="040" ind1=" " ind2=" ">
    <subfield code="a">IT-RoPAU</subfield>
  </datafield>
  <datafield tag="040" ind1=" " ind2=" ">
    <subfield code="c">IT-RoPAU</subfield>
  </datafield>
  <datafield tag="041" ind1=" " ind2=" ">
    <subfield code="a">ITALIANO</subfield>
  </datafield>
  <datafield tag="999" ind1=" " ind2=" ">
    <subfield code="c">102489</subfield>
    <subfield code="d">102489</subfield>
  </datafield>
  <datafield tag="999" ind1=" " ind2=" ">
    <subfield code="b">n.d.</subfield>
  </datafield>
  <datafield tag="100" ind1=" " ind2=" ">
    <subfield code="a">AA.VV.</subfield>
    <subfield code="9">794</subfield>
  </datafield>
  <datafield tag="100" ind1=" " ind2=" ">
    <subfield code="e">Autore musica</subfield>
    <subfield code="9">33232</subfield>
  </datafield>
  <datafield tag="100" ind1=" " ind2=" ">
    <subfield code="g">Codice autore musica SPICS: 12000</subfield>
    <subfield code="9">796</subfield>
  </datafield>
  <datafield tag="245" ind1=" " ind2=" ">
    <subfield code="a">Live and More</subfield>
  </datafield>
  <datafield tag="250" ind1=" " ind2=" ">
    <subfield code="a">1a ed.</subfield>
  </datafield>
  <datafield tag="260" ind1=" " ind2=" ">
    <subfield code="a">MILANO</subfield>
  </datafield>
  <datafield tag="260" ind1=" " ind2=" ">
    <subfield code="b">MUSICA JAZZ</subfield>
    <subfield code="c">2001 [1a Ed.:2001 - Ed. Lingua Orig.: 2001]</subfield>
  </datafield>
  <datafield tag="300" ind1=" " ind2=" ">
    <subfield code="a">COMPACT DISC</subfield>
  </datafield>
  <datafield tag="300" ind1=" " ind2=" ">
    <subfield code="c">68 minuti (Testo: 0 pag.)</subfield>
  </datafield>
  <datafield tag="500" ind1=" " ind2=" ">
    <subfield code="a">Musica jazz. Cd fuori commercio allegato al n. 12 2001 della rivista "Musica jazz". Con una serie di brani inediti si offre un nitido ritratto di Doctor 3, il gruppo formato nel 1998 e che costituisce la principale espressione del Piano Trio Italiano. Il Trio &#xE8; formato da: Danilo Rea (p), Enzo Pietropaoli (cb) e Fabrizio Sferra (batt). Cd prodotto da Doctor 3 e Biagio Pagano per Millesuoni Srl. Sono brani compositi, ispirati da varie fonti musicali, cio&#xE8; da Pat Metheny a Joni Mitchel, dai Beatles a Fabrizio De Andr&#xE8;, da popolari canzoni "Latine" alla indimenticabile Les Feuilles Mortes. Registrazioni live ai festival di Vicenza e negli studi Radiorai di Roma e Start Studio Roma. Vedere la rivista "Musica jazz", con l'inserto speciale (Codici;  G8913 e G8914).</subfield>
  </datafield>
  <datafield tag="505" ind1=" " ind2=" ">
    <subfield code="a">Live 1 (Doctor 9, Honey Pie, 8:03) - Answerme, My Love (4:45) - Live 2 (Every Breath You Take, Doctor 4, Tell Her You Saw Me, 6:55) - Tell Her You Saw Me (2:52) - Live 3 (Your Song, Doctor 2, Tico Tico, Cam Camini, 10:03) - Bambino 8 (Both Sides Now, Forever 6, Les Feuilles Mortes, Forever 7, 12:06) - Live 4 (Doctor 7, I Will, 4:56) - Doctor 1 (10:24) - Live 5 (La canzone di Marinella, Doctor 5, Besame Mucho, Doctor 6, 6:58).</subfield>
  </datafield>
  <datafield tag="511" ind1=" " ind2=" ">
    <subfield code="a">Danilo Rea, Enzo Pietropaoli, Fabrizio Sferra: Doctor 3</subfield>
  </datafield>
  <datafield tag="650" ind1=" " ind2=" ">
    <subfield code="a">JAZZ [COMPACT DISC]</subfield>
    <subfield code="e">Codice MATERIA SPICS: 9949</subfield>
    <subfield code="9">11822</subfield>
  </datafield>
  <datafield tag="942" ind1=" " ind2=" ">
    <subfield code="c">CD</subfield>
    <subfield code="2">ddc</subfield>
  </datafield>
  <datafield tag="952" ind1=" " ind2=" ">
    <subfield code="0">0</subfield>
    <subfield code="1">0</subfield>
    <subfield code="4">0</subfield>
    <subfield code="6">G_8915_000000000000000</subfield>
    <subfield code="7">1</subfield>
    <subfield code="a">SPICS</subfield>
    <subfield code="b">SPICS</subfield>
    <subfield code="d">2013-10-25</subfield>
    <subfield code="l">0</subfield>
    <subfield code="o">G8915</subfield>
    <subfield code="r">2013-10-25 00:00:00</subfield>
    <subfield code="w">2013-10-25</subfield>
    <subfield code="y">CD</subfield>
    <subfield code="z">Progr. Ins.: 22948 / N.Vol.: 1 / Copie: 1 - Copia rara: n.d. / date import: 01.01.2014 - By Epidotti, Trombetti, Vaglietti</subfield>
  </datafield>
</record>
